000 00536nam a22001697a 4500
003 NUST
038 _aNusrat Nadeem
082 _a200
100 _aNiaz, Anum
_997356
245 _aMachine Learning based Short Term Electric Load Forecasting for Domestic Users /
_cAnum Niaz
264 _aIslamabad :
_bSEECS, NUST,
_c2022.
300 _a72 p. ;
650 _aMS-Computer Science
_926780
700 _aSupervisor: Dr. Hashir Moheed Kiani
_997357
856 _uhttp://10.250.8.41:8080/xmlui/handle/123456789/29959
942 _2ddc
_cSC
999 _c591029
_d591029